书目信息 |
| 题名: |
流行音乐发展与演唱实践研究
|
|
| 作者: | 马恒辉 著 | |
| 分册: | ||
| 出版信息: | 北京 中国书籍出版社 2021.4 |
|
| 页数: | 267页 | |
| 开本: | 24cm | |
| 丛书名: | 高校学术研究论著丛刊 | |
| 单 册: | ||
| 中图分类: | J605.2 , J616.2 | |
| 科图分类: | ||
| 主题词: | 通俗音乐--研究--中国 , 流行歌曲--歌唱法--研究--中国 | |
| 电子资源: | ||
| ISBN: | 978-7-5068-7637-7 | |
| 000 | 01286nam2 2200301 45 | |
| 001 | 489860 | |
| 005 | 20140818183644.0 | |
| 010 | @a978-7-5068-7637-7@dCNY80.00 | |
| 100 | @a20210420d2021 em y0chiy0110 ea | |
| 101 | 0 | @achi |
| 102 | @aCN@b110000 | |
| 105 | @ay az 000yy | |
| 106 | @ar | |
| 200 | 1 | @a流行音乐发展与演唱实践研究@Aliu xing yin yue fa zhan yu yan chang shi jian yan jiu@f马恒辉著 |
| 210 | @a北京@c中国书籍出版社@d2021.4 | |
| 215 | @a267页@d24cm | |
| 225 | 2 | @a高校学术研究论著丛刊@i艺术体育 |
| 320 | @a有书目(第259-263页) | |
| 330 | @a流行文化在当代中国人的生活中有着举足轻重的作用,而作为流行文化的流行音乐则见证了这股潮流的推进,植根于各阶层人群的生活,投影在社会各类文化的发展上。全书先是对流行音乐的渊源进行了阐述,然后对流行音乐演唱发声机制、技巧训练进行阐述,而且分析了流行音乐演唱的舞台实践和一些经典流行音乐作品演唱实践。总体上来说,本书思路清晰、内容详细,理论阐述深入浅出,而且有大量的实例,是一本较为全面,有条理、有重点的流行音乐理论著作。 | |
| 461 | 0 | @12001 @a高校学术研究论著丛刊 |
| 462 | 0 | @12001 @a艺术体育 |
| 606 | 0 | @a通俗音乐@x研究@y中国 |
| 606 | 0 | @a流行歌曲@x歌唱法@x研究@y中国 |
| 690 | @aJ605.2@v5 | |
| 690 | @aJ616.2@v5 | |
| 701 | 0 | @a马恒辉@Ama heng hui@4著 |
| 801 | @aCN@b江苏凤凰@c20211018 | |
| 905 | @b1356663-6@dJ605.2@e1409@f4 | |
| 流行音乐发展与演唱实践研究/马恒辉著.-北京:中国书籍出版社,2021.4 |
| 267页;24cm.-(高校学术研究论著丛刊.艺术体育) |
| ISBN 978-7-5068-7637-7:CNY80.00 |
| 流行文化在当代中国人的生活中有着举足轻重的作用,而作为流行文化的流行音乐则见证了这股潮流的推进,植根于各阶层人群的生活,投影在社会各类文化的发展上。全书先是对流行音乐的渊源进行了阐述,然后对流行音乐演唱发声机制、技巧训练进行阐述,而且分析了流行音乐演唱的舞台实践和一些经典流行音乐作品演唱实践。总体上来说,本书思路清晰、内容详细,理论阐述深入浅出,而且有大量的实例,是一本较为全面,有条理、有重点的流行音乐理论著作。 |
| ● |
| 相关链接 |
|
|
|
|
正题名:流行音乐发展与演唱实践研究
索取号:J605.2/1409
 
预约/预借
| 序号 | 登录号 | 条形码 | 馆藏地/架位号 | 状态 | 备注 |
| 1 | 1356663 | 213566639 | 第一样本阅览室/ [索取号:J605.2/1409] | 在馆 | |
| 2 | 1356664 | 213566648 | 第一借阅区/ [索取号:J605.2/1409] | 在馆 | |
| 3 | 1356665 | 213566657 | 第一借阅区/ [索取号:J605.2/1409] | 在馆 | |
| 4 | 1356666 | 213566666 | 第一借阅区/ [索取号:J605.2/1409] | 在馆 |